Pre niekoho priestor, pre iného komunita

Coworkingové centrum v Bratislave v budove Cvernovky. Čo je coworking. Priestor a príležitoť získavať kontakty. Možnosť sociálnej interakcie v coworkingovom centre. Coworkingové centrum The Spot. Priestor pre podnikavých jednotlivcov.

Enregistré dans:
Détails bibliographiques
Auteur principal: Mravčák, Alexander
Format: Chapitre de livre
Langue:slovaque
Sujets:
Tags: Ajouter un tag
Pas de tags, Soyez le premier à ajouter un tag!

MARC

LEADER 00000naa a2200000 4500
001 0174652
005 20231113074946.1
041 0 |a slo 
044 |a SK 
245 1 0 |a Pre niekoho priestor, pre iného komunita  |c Alexander Mravčák 
520 |a Coworkingové centrum v Bratislave v budove Cvernovky. Čo je coworking. Priestor a príležitoť získavať kontakty. Možnosť sociálnej interakcie v coworkingovom centre. Coworkingové centrum The Spot. Priestor pre podnikavých jednotlivcov. 
610 2 0 |a práca 
610 2 0 |a podnikanie 
610 2 0 |a podnikatelia 
610 2 0 |a prostredie pracovné 
610 2 0 |a kancelárie 
100 1 |a Mravčák, Alexander